Optical WDM networks : principles and practice
Αποθηκεύτηκε σε:
| Άλλοι συγγραφείς: | , |
|---|---|
| Μορφή: | Βιβλίο |
| Γλώσσα: | English |
| Δημοσίευση: |
Boston :
Kluwer Academic Publishers,
c2000.
|
| Σειρά: | Kluwer international series in engineering and computer science
|
| Θέματα: | |
| Ετικέτες: |
Προσθήκη ετικέτας
Δεν υπάρχουν, Καταχωρήστε ετικέτα πρώτοι!
|
MARC
| LEADER | 00000cam a2200000 i 4500 | ||
|---|---|---|---|
| 001 | 1/10888 | ||
| 008 | 000906s2000 us ||| | eng|| | ||
| 020 | |a 0792378253 | ||
| 035 | |l 10063624 | ||
| 040 | |a GR-MyUA |b gre |e AACR2 | ||
| 041 | 0 | |a eng | |
| 082 | 0 | |a 621.3827 |2 (21) | |
| 245 | 1 | 0 | |a Optical WDM networks : |b principles and practice / |c edited by Krishna M. Sivalingam, Suresh Subramaniam. |
| 260 | |a Boston : |b Kluwer Academic Publishers, |c c2000. | ||
| 300 | |a ix, 352 σ. : |b εικ. ; |c 25 εκ. | ||
| 490 | 1 | |a (Kluwer international series in engineering and computer science) | |
| 504 | |a Περιέχει βιβλιογραφικές αναφορές και ευρετήριο. | ||
| 650 | 0 | 0 | |a Optical communications. |
| 650 | 0 | 0 | |a Multiplexing. |
| 650 | 0 | 0 | |a Fiber optics. |
| 650 | 0 | 0 | |a Routers (Computer networks) |
| 700 | 1 | |a Sivalingam, Krishna M. |e edt | |
| 700 | 1 | |a Subramaniam, Suresh |d 1968- |e edt | |
| 830 | 0 | |a Kluwer international series in engineering and computer science | |
| 852 | |a INST |b SAMOS |e 20000906 |h 621.3827 OPT |p 005300019074 |q 005300019074 |t BK |y 23 | ||
| 852 | |a INST |b SAMOS |e 20000906 |h 621.3827 OPT |p 005300019076 |q 005300019076 |t BK |y 0 | ||
| 852 | |a INST |b SYROS |e 20000906 |h 621.3827 OPT |p 005500000427 |q 005500000427 |t BK |y 0 | ||
| 901 | |a BIBL3-2000-3 | ||
| 909 | |a Σ |b 079547 | ||
| 909 | |a Σ |b 079549 | ||
| 909 | |a Ε |b 079548 | ||
| 922 | |a 3ΕΛΗ |b 200002 |c ΤΠΕΣ/ΠΟΛ |d LEADER | ||
| 922 | |a 5ΕΛΗ |b 2000002 |c ΤΠΕΣ/ΠΟΛ |d LEADER | ||
| 970 | |a ΚΟΣΙΕΡΗΣ |b ΧΡΗΣΤΟΣ |z 2000/09/06 | ||